Szczegóły MARC21

De la fondation de Québec au Canada d'aujourd'hui (1608-2008) : rétrospectives, parcours et défis = From the foundation of Québec City to present-day Canada (1608-2008) : retrospections, path of change, challenges /

003 -Nazwa inst., której nr kontr. jest w polu 001 [,]
    • @
    • Nazwa instytucji, której n kontrolny jest w polu 001
    • NUKAT
005 -DATA I CZAS OSTATNIEJ MODYFIKACJI [,]
    • @
    • pole kontrolne
    • 20241231103249.0
020 -Międzynarod. znormalizowany nr książki - ISBN [ , ]
    • a
    • Numer ISBN
    • 9788361061564 Find
040 -Instytucja sporządzająca opis [ , ]
    • a
    • Instytucja, która sporządziła opis (NP)
    • WA U/68BLB
    • c
    • Instytucja, która sporządziła rekord (NP)
    • WA U/BLB
    • d
    • Instytucja, która zmodyfikowała rekord (P)
    • WA U/BLB
    • d
    • Instytucja, która zmodyfikowała rekord (P)
    • KR U/39KP KR U/39KPs
    • d
    • Instytucja, która zmodyfikowała rekord (P)
    • WA U/AXs
041 -Język dokumentu [0, ]
    • a
    • Język tekstu (P)
    • francuski
    • a
    • Język tekstu (P)
    • angielski
    • b
    • Język streszczeń lub abstraktu (P)
    • angielski
942 -Rodzaj dokumentu [ , ]
    • c
    • Rodzaj dokumentu
    • Książka
245 -Strefa tytułu i oznaczenia odpowiedzialności [0,0]
    • a
    • Tytuł
    • De la fondation de Québec au Canada d'aujourd'hui (1608-2008) : Find
    • b
    • Ciąg dalszy tytułu (NP)
    • rétrospectives, parcours et défis = From the foundation of Québec City to present-day Canada (1608-2008) : retrospections, path of change, challenges / Find
    • c
    • Pozostałe elementy strefy tytułu i oznaczenia odpowiedzialności (NP)
    • sous la dir. de = edited by Krzysztof Jarosz, Zuzanna Szatanik, Joanna Warmuzińska-Rogóż.
246 -Wariant tytułu [3,1]
    • a
    • Tytuł (NP)
    • From the foundation of Québec City to present-day Canada (1608-2008) : retrospections, path of change, challenges
260 -Strefa adresu wydawniczego [ , ]
    • a
    • Miejsce wydania (P)
    • Katowice :
    • b
    • Nazwa wydawcy (P)
    • Agencja Artystyczna PARA,
    • c
    • Data wydania (P)
    • 2009.
300 -Strefa opisu fizycznego [ , ]
    • a
    • Określenie formy książki i/lub objętość (NP)
    • 388 s. :
    • b
    • Oznaczenie ilustracji (NP)
    • il. ;
    • c
    • Format (NP)
    • 24 cm.
336 -Typ zawartości [ , ]
    • a
    • Termin opisujący typ zawartości
    • Tekst
    • b
    • Kod określający zawartość
    • txt
    • 2
    • Źródło (terminu i kodu)
    • rdacontent
337 -Typ mediów [ , ]
    • a
    • Tryb odtwarzania
    • Bez urządzenia pośredniczącego
    • b
    • Kod typu mediów
    • n
    • 2
    • Źródło (terminu i kodu)
    • rdamedia
338 -Typ/rodzaj nośnika [ , ]
    • a
    • Hasło opisujące typ nośnika
    • Wolumin
    • b
    • Kod typu nośnika
    • nc
    • 2
    • Źródło (terminu i kodu)
    • rdacarrier
500 -Uwaga ogólna [ , ]
    • a
    • Uwaga ogólna (NP)
    • Przy rozdz. noty bio-bibliograficzne.
504 -Uwaga dot. bibliogr. załącznikowej [ , ]
    • a
    • Uwaga dot. bibliografii załącznikowej
    • Bibliogr. przy rozdz.
546 -Uwaga dot. języka [ , ]
    • a
    • Uwaga dot. języka
    • Teksty w jęz. fr. lub ang. Streszcz. ang.
650 -Hasło przedmiotowe [ ,7]
    • a
    • Hasło przedmiotowe
    • Kanadyjczycy
    • x
    • Określnik rzeczowy
    • tożsamość etniczna.
    • 2
    • Źródło terminu
    • kaba
    • 9
    • KHW
    • 412258
650 -Hasło przedmiotowe [ ,7]
    • a
    • Hasło przedmiotowe
    • Literatura kanadyjska
    • z
    • Określnik geograficzny
    • Kanada
    • z
    • Określnik geograficzny
    • Quebec (prowincja)
    • x
    • Określnik rzeczowy
    • historia i krytyka.
    • 2
    • Źródło terminu
    • kaba
    • 9
    • KHW
    • 412259
651 -Hasło przedmiotowe w formie nazwy geograficznej [ ,7]
    • a
    • Nazwa geograficzna
    • Quebec (Kanada ; prowincja)
    • x
    • Określnik rzeczowy
    • historia.
    • 2
    • Źródło terminu
    • kaba
    • 9
    • KHW
    • 151159
700 -Hasło dodatkowe - nazwa osobowa [1, ]
    • a
    • Nazwa osobowa (NP)
    • Jarosz, Krzysztof Find
    • d
    • Daty biograficzne (NP)
    • (1954- ).
    • e
    • Określenie rodzaju współpracy
    • Red.
    • 9
    • KHW
    • 95
700 -Hasło dodatkowe - nazwa osobowa [1, ]
    • a
    • Nazwa osobowa (NP)
    • Warmuzińska-Rogóż, Joanna. Find
    • e
    • Określenie rodzaju współpracy
    • Red.
    • 9
    • KHW
    • 50247
700 -Hasło dodatkowe - nazwa osobowa [1, ]
    • a
    • Nazwa osobowa (NP)
    • Szatanik, Zuzanna. Find
    • e
    • Określenie rodzaju współpracy
    • Red.
    • 9
    • KHW
    • 45340
920 -ISBN [ , ]
    • a
    • ISBN
    • 978-83-61061-56-4 Find
Numer inwentarzowy Status udost. Data inwentaryzacji Lokalizacja Sygnatura
P.2571412017-04-19BMANG. Kultura Kanady 27